F1 2026 GRID - Statistics

General Stats
  • This quiz has been taken 168 times
  • The average score is 20 of 22
Answer Stats
Team Answer % Correct
McLaren Lando Norris
99%
Ferrari Lewis Hamilton
99%
McLaren Oscar Piastri
99%
Ferrari Charles Leclerc
98%
Red Bull Racing Max Verstappen
97%
Mercedes Kimi Antonelli
96%
Mercedes George Russell
94%
Aston Martin Fernando Alonso
93%
Williams Carlos Sainz
91%
Red Bull Racing Isack Hadjar
91%
Aston Martin Lance Stroll
90%
Cadillac Sergio Perez
88%
Racing Bulls Liam Lawson
87%
Audi Nico Hulkenberg
86%
Alpine Pierre Gasly
85%
Williams Alex Albon
84%
Haas Esteban Ocon
84%
Cadillac Valtteri Bottas
84%
Haas Oliver Bearman
83%
Alpine Franco Colapinto
81%
Audi Gabriel Bortoleto
73%
Racing Bulls Arvid Lindblad
65%
No matching quizzes found
Score Distribution
Percent of People with Each Score
Percentile by Number Answered
Your Score History
You have not taken this quiz